Financovanie inovácií rizikovým kapitálom

Rizikový kapitál (venture capital) ako ekonomická kategória. Základné princípy rizikového financovania. Funkcie rizikového kapitálu. Ilustračný príklad.

Salvato in:
Dettagli Bibliografici
Autore principale: Bačišin, Vladimír
Natura: Capitolo di libro
Lingua:slovacco
Soggetti:
Tags: Aggiungi Tag
Nessun Tag, puoi essere il primo ad aggiungerne!!

MARC

LEADER 00000nla$a2200000$$$4500
001 0045062
005 20231121080813.5
041 0 |a slo 
044 |a SK 
245 1 0 |a Financovanie inovácií rizikovým kapitálom  |c Vladimír Bačišin 
520 |a Rizikový kapitál (venture capital) ako ekonomická kategória. Základné princípy rizikového financovania. Funkcie rizikového kapitálu. Ilustračný príklad. 
610 2 0 |a kapitál rizikový 
610 2 0 |a financovanie 
610 2 0 |a inovácia 
610 2 0 |a investori 
610 2 0 |a investovanie 
610 2 0 |a stratégia investičná 
610 2 0 |a stratégia inovačná 
610 2 0 |a riziko finančné 
100 1 |a Bačišin, Vladimír